名前が「たろう」で終わる現役選手(2026) - Statistics

General Stats
  • This quiz has been taken 23 times
  • The average score is 11 of 21
Answer Stats
たろう 現所属 ポジション 選手名 % Correct
太郎 阪神 捕手 梅野隆太郎
86%
多朗 日本ハム 投手 清宮虎多朗
77%
太郎 日本ハム 内野手 清宮幸太郎
77%
太朗 西武 投手 渡邉勇太朗
73%
太郎 阪神 投手 大竹耕太郎
68%
太郎 DeNA 投手 石田悠太郎
68%
太郎 オリックス 内野手 紅林弘太郎
68%
太郎 広島 投手 島内颯太郎
59%
太郎 DeNA 投手 藤浪晋太郎
55%
太郎 中日 内野手 板山祐太郎
55%
太郎 中日 内野手 辻本倫太郎
50%
太郎 オリックス 外野手 杉本裕太郎
50%
太郎 DeNA 投手 篠木健太郎
45%
太郎 DeNA 投手 平良拳太郎
41%
大朗 ロッテ 投手 森遼大朗
32%
太郎 ソフトバンク 投手 澤柳亮太郎
27%
太郎 ソフトバンク 捕手 藤田悠太郎
27%
太郎 日本ハム 投手 山城航太郎
27%
大郎 楽天 内野手 小森航大郎
27%
太郎 巨人 投手 堀江正太郎
23%
太朗 巨人 捕手 松井蓮太朗
23%
No matching quizzes found
Score Distribution
Percent of People with Each Score
Percentile by Number Answered
Your Score History
You have not taken this quiz